Sharḥ Miʼat ʻāmil, (Record no. 86380)

MARC details
000 -LEADER
fixed length control field 00933cam a22002771 4500
001 - CONTROL NUMBER
control field sa 68015313
003 - CONTROL NUMBER IDENTIFIER
control field DLC
005 - DATE AND TIME OF LATEST TRANSACTION
control field 20260227112642.0
008 - FIXED-LENGTH DATA ELEMENTS--GENERAL INFORMATION
fixed length control field 910920q19601969ii 000 0 arar
010 ## - LIBRARY OF CONGRESS CONTROL NUMBER
LC control number sa 68015313
025 ## - OVERSEAS ACQUISITION NUMBER
Overseas acquisition number PL480:I-Ar-58
035 ## - SYSTEM CONTROL NUMBER
System control number (OCoLC)24427966
040 ## - CATALOGING SOURCE
Original cataloging agency DLC
Transcribing agency WaU
Modifying agency DLC
041 0# - LANGUAGE CODE
Language code of text/sound track or separate title araurd
042 ## - AUTHENTICATION CODE
Authentication code premarc
050 00 - LIBRARY OF CONGRESS CALL NUMBER
Classification number PJ6101
Item number .J82 1960z
100 1# - MAIN ENTRY--PERSONAL NAME
Personal name Jurjānī, ʻAbd al-Qāhir ibn ʻAbd al-Raḥmān,
Dates associated with a name -1078?
245 10 - TITLE STATEMENT
Title Sharḥ Miʼat ʻāmil,
Remainder of title muḥashshá wa muʻarrab.
260 ## - PUBLICATION, DISTRIBUTION, ETC.
Place of publication, distribution, etc. Dihlī,
Name of publisher, distributor, etc. Kutubʹk̲h̲ānah-ʼi Rashīdīyah
Date of publication, distribution, etc. [196-?]
300 ## - PHYSICAL DESCRIPTION
Extent 80 p.
Dimensions 26 cm.
500 ## - GENERAL NOTE
General note Author named on p. 2: allafah ... ʻAbd al-Qāhir ibn ʻAbd al-Raḥmān al-Jurjānī.
500 ## - GENERAL NOTE
General note Arabic text of al-Jurjānī's Miʼat ʻāmil, with marginal notes in Urdu.
500 ## - GENERAL NOTE
General note Reproduced from Ms. copy.
650 #0 - SUBJECT ADDED ENTRY--TOPICAL TERM
Topical term or geographic name entry element Arabic language
General subdivision Syntax.
740 0# - ADDED ENTRY--UNCONTROLLED RELATED/ANALYTICAL TITLE
Uncontrolled related/analytical title Miʼat ʻāmil.

No items available.

Powered by Koha